| 000 | 00785nam a22002412 4500 | ||
|---|---|---|---|
| 001 | 0000024421 | ||
| 005 | 20151217152301.0 | ||
| 008 | 130912s xx 000 0 eng d | ||
| 020 | _a0443102981 : | ||
| 040 |
_aKABU _cKABU |
||
| 100 | 1 |
_aHamblen, David L. _@0000178339 |
|
| 245 | 1 | 0 |
_aAdam's outline of fractures including joint injuries / _cDavid L. Hamblen, A. Hamish R. W. Simpson. |
| 250 | _a10th ed. | ||
| 260 |
_aLondon : _bChurchill Livingstone, _c2007. |
||
| 300 | _a328 p. | ||
| 650 | 0 |
_aFractures. _@0000183731 |
|
| 650 | 0 |
_aOrthopedics. _@0000178340 |
|
| 650 | 0 |
_aJoints _xWounds and injuries. _@0000184529 |
|
| 700 | 1 |
_aSimpson, A. Hamish R. W. _@0000178342 |
|
| 852 | 1 | _9p6313 KES | |
| 908 | _a130912 | ||
| 950 | _@1 | ||
| 999 |
_c10270 _d10270 |
||